Deutsch für Ausländer. Teil 1a : Leichte Aufgaben /

Gespeichert in:
Bibliographische Detailangaben
Hauptverfasser: Kessler, Hermann (Verfasst von), Levin, Isidor (Verfasst von)
Format: Buch
Sprache:Deutsch
Veröffentlicht: Königswinter : Verlag für Sprachmethodik, 1968
Schlagworte:
Tags: Tag hinzufügen
Keine Tags, Fügen Sie das erste Tag hinzu!

MARC

LEADER 00000nam a22000003a 4500
001 stu37693
005 20150617225728.2
008 920819s1968----gw------------------ger-d
040 |a STU  |b slo 
041 0 |a ger 
044 |a gw 
080 |a 803.0  |7 stu_us_auth*stu8372 
100 1 |a Kessler, Hermann  |4 aut 
245 1 |a Deutsch für Ausländer. Teil 1a :  |b Leichte Aufgaben /  |c [aut.]Hermann Kessler, Isidor Levin 
260 |a Königswinter :  |b Verlag für Sprachmethodik,  |c 1968 
300 |a 64 s 
650 7 |a nemčina  |2 stusub 
700 1 |a Levin, Isidor  |4 aut 
996 |b 284M002794  |c M*4517/1A-1  |l MMKN  |s A  |a 24  |w stu37693_0001